000 01109nam a22003257a 4500
003 CHAP
005 20220329140720.0
008 971013s r 00010 d
010 _a56453
011 _a57425
035 _a61580
040 _cCHAP
090 _aR-2322
100 0 0 _aSmyth, T. Jot.
_9107210
245 _aEffects of lime, silicate and phosphorus applications to an oxisol on phosphorus sorption and ion retention
500 _aSobretiro de: Soil Science Society of America Journal 44(3):499-505, 1980
590 _aBATCH-UPD
_b10
_c20130109
_lUCH01
_h2307
590 _aBATCH-UPD
_b10
_c20130110
_lUCH01
_h0726
590 _aBATCH-UPD
_b10
_c20130409
_lUCH01
_h1823
590 _aBATCH-UPD
_b10
_c20130410
_lUCH01
_h0410
590 _aBATCH-UPD
_b10
_c20130914
_lUCH01
_h1650
590 _aCONVERSION
_b10
_c20130109
_lUCH01
_h1330
650 1 4 _aIntercambio catiónico.
_959518
650 1 4 _aSuelos tropicales.
_9110563
650 1 4 _aSuelos
_xFósforo en.
_9110376
700 0 _aSánchez, Pedro A.
_9107961
901 _aBK
942 _cREIMP
949 _aR-2322
_bBC
_cR
_d-132252
_eTS1
_i61580
_si
999 _c56453
_d56453